[Event "GER-ch Youth U18w 2019"]
[Site "Willingen"]
[Date "2019.06.13"]
[Round "7.12"]
[White "Peters, Jenna Maria Lara"]
[Black "Schneider, Xenia"]
[Result "0-1"]
[WhiteElo "1594"]
[BlackElo "1364"]
[Annotator "NA"]
[PlyCount "38"]
[EventDate "2019.06.07"]
[EventType "swiss"]
[EventRounds "9"]
[EventCountry "GER"]
[SourceTitle "playchess.com"]
[Source "ChessBase"]
[SourceQuality "1"]
[TimeControl "40/5400+30:1800+30"]

1. e4 {[%emt 0:00:00]} c5 {[%emt 0:00:00]} 2. b3 {[%emt 0:00:00]} b6 {[%emt 0:00:03]} 3. Bb2 {[%emt 0:00:12]} Bb7 {[%emt 0:00:32]} 4. Nc3 {[%emt 0:00:23]} e6 {[%emt 0:02:25]} 5. Nf3 Ne7 {[%emt 0:00:17]} 6. d4 {[%emt 0:09:41]} cxd4 {[%emt 0:07:20]} 7. Nxd4 {[%emt 0:11:11]} a6 {[%emt 0:02:13]} 8. Bd3 {[%emt 0:01:59]} Nbc6 {[%emt 0:00:11]} 9. Nxc6 {[%emt 0:00:18]} Nxc6 {[%emt 0:19:42]} 10. O-O {[%emt 0:22:42]} Qh4 {[%emt 0:07:31]} 11. Qd2 {[%emt 0:01:21]} Bd6 {[%emt 0:07:56]} 12. g3 {[%emt 0:02:37]} Qh3 {[%emt 0:09:39]} 13. Na4 {[%emt 0:02:19]} Ne5 {[%emt 0:03:01]} 14. f4 {[%emt 0:00:45]} Nxd3 {[%emt 0:02:41]} 15. Qxd3 {[%emt 0:08:09]} b5 {[%emt 0:04:05]} 16. Qxd6 {[%emt 0:03:05]} Bxe4 {[%emt 0:02:51]} 17. Rf2 {[%emt 0:01:57]} bxa4 18. Bxg7 Rg8 {[%emt 0:05:17]} 19. Bf6 {[%emt 0:01:17]} Rxg3+ {normal} 0-1

[Event "GER-ch Youth U18w 2019"]
[Site "Willingen"]
[Date "2019.06.13"]
[Round "7.13"]
[White "Kadach, Maria"]
[Black "Gesell, Patricia"]
[Result "1-0"]
[WhiteElo "1448"]
[BlackElo "1046"]
[Annotator "NA"]
[PlyCount "39"]
[EventDate "2019.06.07"]
[EventType "swiss"]
[EventRounds "9"]
[EventCountry "GER"]
[SourceTitle "playchess.com"]
[Source "ChessBase"]
[SourceQuality "1"]
[TimeControl "40/5400+30:1800+30"]

1. d4 {[%emt 0:00:00]} d5 {[%emt 0:00:00]} 2. Bf4 {[%emt 0:00:00]} Bf5 {[%emt 0:00:04]} 3. e3 Nf6 {[%emt 0:01:07]} 4. Nd2 {[%emt 0:00:00]} e6 {[%emt 0:02:32]} 5. c3 {[%emt 0:00:25]} c5 6. Ngf3 {[%emt 0:00:45]} c4 {[%emt 0:03:24]} 7. Be2 {[%emt 0:01:02]} Bd6 8. Bg3 {[%emt 0:00:07]} Bxg3 {[%emt 0:04:17]} 9. hxg3 {[%emt 0:01:11]} h6 {[%emt 0:02:37]} 10. Ne5 {[%emt 0:02:45]} Nbd7 {[%emt 0:04:07]} 11. f4 {[%emt 0:06:10]} Qc7 {[%emt 0:09:42]} 12. g4 {[%emt 0:09:06]} Bg6 {[%emt 0:00:18]} 13. Nxg6 {[%emt 0:01:49]} fxg6 {[%emt 0:01:36]} 14. g5 {[%emt 0:10:51]} Ng8 {[%emt 0:03:03]} 15. Nf3 {[%emt 0:05:55]} Ne7 {[%emt 0:01:20]} 16. g4 {[%emt 0:01:38]} O-O-O {[%emt 0:07:25]} 17. Kd2 {[%emt 0:17:29]} h5 18. Nh4 {[%emt 0:00:05]} hxg4 {[%emt 0:05:21]} 19. Bxg4 {[%emt 0:03:00]} Qd6 20. Qc2 {normal} 1-0

[Event "GER-ch Youth U18w 2019"]
[Site "Willingen"]
[Date "2019.06.14"]
[Round "8.1"]
[White "Schulze, Lara"]
[Black "Moenster, Madita"]
[Result "1/2-1/2"]
[WhiteElo "2160"]
[BlackElo "1994"]
[Annotator "NA"]
[PlyCount "66"]
[EventDate "2019.06.07"]
[EventType "swiss"]
[EventRounds "9"]
[EventCountry "GER"]
[SourceTitle "playchess.com"]
[Source "ChessBase"]
[SourceQuality "1"]
[TimeControl "40/5400+30:1800+30"]

1. e4 {[%emt 0:00:00]} c5 {[%emt 0:00:00]} 2. Nc3 {[%emt 0:00:00]} Nc6 {[%emt 0:00:09]} 3. Nf3 {[%emt 0:00:00]} d6 {[%emt 0:00:43]} 4. d4 {[%emt 0:00:15]} cxd4 {[%emt 0:00:14]} 5. Nxd4 {[%emt 0:00:05]} e5 {[%emt 0:00:46]} 6. Ndb5 {[%emt 0:00:46]} a6 {[%emt 0:00:23]} 7. Na3 {[%emt 0:00:04]} Be7 {[%emt 0:00:19]} 8. Nc4 {[%emt 0:06:12]} b5 {[%emt 0:01:25]} 9. Ne3 {[%emt 0:00:16]} Nf6 {[%emt 0:00:43]} 10. Bd3 {[%emt 0:00:24]} O-O {[%emt 0:00:39]} 11. O-O {[%emt 0:01:02]} Rb8 {[%emt 0:07:47]} 12. a4 {[%emt 0:13:11]} Nb4 {[%emt 0:12:41]} 13. axb5 {[%emt 0:16:35]} axb5 {[%emt 0:05:49]} 14. Bxb5 {[%emt 0:11:06]} Nxe4 {[%emt 0:16:40]} 15. Qe2 {[%emt 0:09:53]} Nxc3 {[%emt 0:08:44]} 16. bxc3 {[%emt 0:00:13]} Qb6 {[%emt 0:00:21]} 17. cxb4 {[%emt 0:13:38]} Qxb5 {[%emt 0:00:09]} 18. Qxb5 {[%emt 0:00:42]} Rxb5 {[%emt 0:00:07]} 19. c4 {[%emt 0:05:51]} Rxb4 {[%emt 0:06:40]} 20. Nd5 {[%emt 0:00:09]} Rb7 {[%emt 0:00:29]} 21. Ba3 {[%emt 0:03:39]} Rd8 {[%emt 0:04:07]} 22. Rad1 {[%emt 0:07:31]} Kf8 {[%emt 0:08:54]} 23. Rfe1 {[%emt 0:03:41]} Be6 {[%emt 0:03:25]} 24. Nxe7 {[%emt 0:03:52]} Kxe7 {[%emt 0:11:09]} 25. Rxe5 {[%emt 0:00:10]} Rb3 {[%emt 0:00:41]} 26. Re3 {[%emt 0:01:34]} Rxe3 {[%emt 0:00:23]} 27. fxe3 {[%emt 0:00:01]} Bxc4 {[%emt 0:00:19]} 28. Bb2 {[%emt 0:00:51]} g6 {[%emt 0:01:07]} 29. g4 {[%emt 0:00:40]} f6 {[%emt 0:05:15]} 30. Ra1 {[%emt 0:00:39]} Rd7 {[%emt 0:01:38]} 31. Ra4 {[%emt 0:01:10]} d5 {[%emt 0:01:44]} 32. Bd4 {[%emt 0:00:16]} Rb7 {[%emt 0:01:22]} 33. Ra7 {[%emt 0:01:05]} Rxa7 {[%emt 0:00:46] normal} 1/2-1/2

[Event "GER-ch Youth U18w 2019"]
[Site "Willingen"]
[Date "2019.06.14"]
[Round "8.2"]
[White "Ziegenfuss, Antonia"]
[Black "Nguyen, Ha Thanh"]
[Result "1-0"]
[WhiteElo "2111"]
[BlackElo "1940"]
[Annotator "NA"]
[PlyCount "81"]
[EventDate "2019.06.07"]
[EventType "swiss"]
[EventRounds "9"]
[EventCountry "GER"]
[SourceTitle "playchess.com"]
[Source "ChessBase"]
[SourceQuality "1"]
[TimeControl "40/5400+30:1800+30"]

1. c4 {[%emt 0:00:00]} c5 {[%emt 0:00:00]} 2. Nf3 {[%emt 0:00:00]} Nc6 {[%emt 0:00:00]} 3. e3 {[%emt 0:00:00]} g6 {[%emt 0:00:02]} 4. d4 {[%emt 0:00:00]} cxd4 {[%emt 0:00:12]} 5. exd4 {[%emt 0:00:00]} Bg7 {[%emt 0:00:43]} 6. d5 {[%emt 0:00:13]} Ne5 {[%emt 0:01:41]} 7. Nxe5 {[%emt 0:01:45]} Bxe5 {[%emt 0:00:05]} 8. Be2 {[%emt 0:00:47]} d6 {[%emt 0:00:24]} 9. O-O {[%emt 0:01:53]} Bg7 {[%emt 0:00:46]} 10. Nc3 {[%emt 0:01:32]} Nf6 {[%emt 0:00:53]} 11. Be3 {[%emt 0:00:44]} O-O {[%emt 0:01:26]} 12. h3 {[%emt 0:06:29]} Nd7 {[%emt 0:09:22]} 13. Qd2 {[%emt 0:02:58]} Re8 {[%emt 0:11:40]} 14. Rfe1 {[%emt 0:05:01]} a6 {[%emt 0:09:10]} 15. Bf1 {[%emt 0:11:32]} Ne5 {[%emt 0:09:13]} 16. Bd4 {[%emt 0:10:16]} Qc7 {[%emt 0:04:36]} 17. b3 {[%emt 0:02:37]} f6 {[%emt 0:08:21]} 18. f4 {[%emt 0:11:30]} Nf7 {[%emt 0:04:32]} 19. Re2 {[%emt 0:10:53]} Nh6 {[%emt 0:03:00]} 20. Rae1 {[%emt 0:02:01]} Nf5 {[%emt 0:02:58]} 21. Bf2 {[%emt 0:00:53]} Bf8 {[%emt 0:00:46]} 22. Na4 {[%emt 0:13:33]} Bd7 {[%emt 0:02:04]} 23. Nb6 {[%emt 0:02:50]} Rab8 {[%emt 0:01:41]} 24. Nxd7 {[%emt 0:01:48]} Qxd7 {[%emt 0:00:09]} 25. Re4 {[%emt 0:03:42]} Rec8 {[%emt 0:02:15]} 26. Bd3 {[%emt 0:02:46]} Qc7 {[%emt 0:01:55]} 27. R4e2 {[%emt 0:02:06]} Ng7 {[%emt 0:00:36]} 28. a4 {[%emt 0:00:26]} a5 {[%emt 0:04:14]} 29. Bd4 {[%emt 0:00:58]} b6 {[%emt 0:04:43]} 30. Qe3 {[%emt 0:00:59]} Rb7 {[%emt 0:02:57]} 31. Qf2 {[%emt 0:00:57]} Rcb8 {[%emt 0:01:16]} 32. f5 {[%emt 0:00:35]} g5 {[%emt 0:03:50]} 33. h4 {[%emt 0:00:14]} h6 {[%emt 0:00:56]} 34. hxg5 {[%emt 0:00:39]} hxg5 {[%emt 0:00:13]} 35. Qf3 {[%emt 0:00:23]} Qc8 {[%emt 0:06:10]} 36. Kf2 {[%emt 0:00:17]} Rc7 {[%emt 0:01:25]} 37. Rh1 {[%emt 0:00:47]} Kf7 {[%emt 0:01:15]} 38. Rh7 {[%emt 0:02:01]} Kg8 {[%emt 0:01:32]} 39. Qh3 {[%emt 0:00:09]} Qd7 {[%emt 0:00:40]} 40. Rh8+ {[%emt 0:00:17]} Kf7 {[%emt 0:00:17]} 41. Qh7 {[%emt 0:30:13] normal} 1-0

[Event "GER-ch Youth U18w 2019"]
[Site "Willingen"]
[Date "2019.06.14"]
[Round "8.3"]
[White "Poetsch, Leonore"]
[Black "Arnhold, Steffi"]
[Result "1/2-1/2"]
[WhiteElo "1982"]
[BlackElo "1996"]
[Annotator "NA"]
[PlyCount "56"]
[EventDate "2019.06.07"]
[EventType "swiss"]
[EventRounds "9"]
[EventCountry "GER"]
[SourceTitle "playchess.com"]
[Source "ChessBase"]
[SourceQuality "1"]
[TimeControl "40/5400+30:1800+30"]

1. e4 {[%emt 0:00:00]} c5 {[%emt 0:00:00]} 2. Nf3 {[%emt 0:00:00]} e6 {[%emt 0:00:00]} 3. c3 {[%emt 0:00:04]} Nf6 {[%emt 0:00:16]} 4. e5 {[%emt 0:04:50]} Nd5 {[%emt 0:00:08]} 5. d4 {[%emt 0:00:08]} cxd4 {[%emt 0:00:15]} 6. cxd4 {[%emt 0:00:05]} d6 {[%emt 0:00:20]} 7. Bb5+ {[%emt 0:00:38]} Bd7 {[%emt 0:01:06]} 8. Bxd7+ {[%emt 0:00:29]} Nxd7 {[%emt 0:00:49]} 9. O-O {[%emt 0:00:18]} Qc7 {[%emt 0:03:31]} 10. Re1 {[%emt 0:02:10]} Be7 {[%emt 0:02:17]} 11. Bd2 {[%emt 0:01:35]} O-O {[%emt 0:04:38]} 12. exd6 {[%emt 0:05:14]} Bxd6 {[%emt 0:01:04]} 13. Nc3 {[%emt 0:00:36]} Nxc3 {[%emt 0:04:02]} 14. bxc3 {[%emt 0:00:50]} Bf4 {[%emt 0:12:38]} 15. Bxf4 {[%emt 0:01:55]} Qxf4 {[%emt 0:00:11]} 16. c4 {[%emt 0:01:49]} Nb6 {[%emt 0:04:03]} 17. Qb3 {[%emt 0:03:44]} Qc7 {[%emt 0:04:27]} 18. Rec1 {[%emt 0:07:30]} Rfc8 {[%emt 0:04:18]} 19. Rab1 {[%emt 0:04:25]} Rab8 {[%emt 0:01:18]} 20. a4 {[%emt 0:03:48]} Nxc4 {[%emt 0:15:03]} 21. h3 {[%emt 0:07:48]} a6 {[%emt 0:01:23]} 22. a5 {[%emt 0:03:21]} b5 {[%emt 0:01:35]} 23. axb6 {[%emt 0:04:20]} Rxb6 {[%emt 0:01:06]} 24. Qd3 {[%emt 0:04:15]} Rc6 {[%emt 0:03:38]} 25. Ra1 {[%emt 0:02:21]} h6 {[%emt 0:01:13]} 26. Rc2 {[%emt 0:03:33]} a5 {[%emt 0:02:17]} 27. Rac1 {[%emt 0:04:34]} a4 {[%emt 0:02:47]} 28. Nd2 {[%emt 0:05:59] normal} Na5 {[%emt 0:02:56] normal} 1/2-1/2

[Event "GER-ch Youth U18w 2019"]
[Site "Willingen"]
[Date "2019.06.14"]
[Round "8.4"]
[White "Reitz, Theresa"]
[Black "Moeller, Lisa-Marie"]
[Result "1-0"]
[WhiteElo "1976"]
[BlackElo "1900"]
[Annotator "NA"]
[PlyCount "69"]
[EventDate "2019.06.07"]
[EventType "swiss"]
[EventRounds "9"]
[EventCountry "GER"]
[SourceTitle "playchess.com"]
[Source "ChessBase"]
[SourceQuality "1"]
[TimeControl "40/5400+30:1800+30"]

1. Nf3 {[%emt 0:00:00]} c5 {[%emt 0:00:00]} 2. g3 {[%emt 0:00:00]} g6 {[%emt 0:00:00]} 3. Bg2 {[%emt 0:00:18]} Bg7 {[%emt 0:00:00]} 4. d4 {[%emt 0:00:39]} cxd4 {[%emt 0:00:51]} 5. Nxd4 {[%emt 0:00:32]} Nc6 {[%emt 0:00:49]} 6. Nb3 {[%emt 0:00:42]} d6 {[%emt 0:03:06]} 7. Nc3 {[%emt 0:15:57]} Nf6 {[%emt 0:02:48]} 8. O-O {[%emt 0:01:59]} O-O {[%emt 0:00:37]} 9. h3 {[%emt 0:02:54]} Qd7 {[%emt 0:04:08]} 10. e4 {[%emt 0:02:11]} Rb8 {[%emt 0:03:41]} 11. Qe2 {[%emt 0:11:54]} a6 {[%emt 0:05:10]} 12. a4 {[%emt 0:03:05]} b6 {[%emt 0:05:49]} 13. Rd1 {[%emt 0:10:30]} Bb7 {[%emt 0:06:35]} 14. Nd5 {[%emt 0:09:23]} Nxd5 {[%emt 0:06:20]} 15. exd5 {[%emt 0:00:06]} Nd8 {[%emt 0:02:23]} 16. c3 {[%emt 0:02:19]} b5 {[%emt 0:04:27]} 17. axb5 {[%emt 0:06:33]} Qxb5 {[%emt 0:03:01]} 18. Qc2 {[%emt 0:07:25]} e6 {[%emt 0:09:52]} 19. c4 {[%emt 0:08:08]} Rc8 {[%emt 0:08:12]} 20. cxb5 {[%emt 0:07:28]} Rxc2 {[%emt 0:00:14]} 21. bxa6 {[%emt 0:00:09]} Ba8 {[%emt 0:02:33]} 22. dxe6 {[%emt 0:04:18]} Bxg2 {[%emt 0:04:51]} 23. Kxg2 {[%emt 0:00:07]} fxe6 {[%emt 0:00:52]} 24. Be3 {[%emt 0:00:37]} Nc6 {[%emt 0:05:23]} 25. Rxd6 {[%emt 0:03:34]} Rxb2 {[%emt 0:01:39]} 26. Rxc6 {[%emt 0:00:10]} Rxb3 {[%emt 0:00:06]} 27. Rac1 {[%emt 0:00:36]} Rbb8 {[%emt 0:01:45]} 28. Rxe6 {[%emt 0:01:00]} Kf7 {[%emt 0:01:59]} 29. Rec6 {[%emt 0:00:20]} Rfe8 {[%emt 0:01:52]} 30. a7 {[%emt 0:00:59]} Ra8 {[%emt 0:00:39]} 31. Rc7+ {[%emt 0:00:22]} Kg8 {[%emt 0:02:42]} 32. Rb7 {[%emt 0:00:34]} Be5 {[%emt 0:00:58]} 33. Rd1 {[%emt 0:00:35]} Red8 {[%emt 0:00:47]} 34. Rxd8+ {[%emt 0:00:45]} Rxd8 {[%emt 0:00:03]} 35. Bf4 {[%emt 0:00:19] normal} 1-0

[Event "GER-ch Youth U18w 2019"]
[Site "Willingen"]
[Date "2019.06.14"]
[Round "8.5"]
[White "Koenze, Heike"]
[Black "Ratay, Meike"]
[Result "0-1"]
[WhiteElo "1919"]
[BlackElo "1991"]
[Annotator "NA"]
[PlyCount "88"]
[EventDate "2019.06.07"]
[EventType "swiss"]
[EventRounds "9"]
[EventCountry "GER"]
[SourceTitle "playchess.com"]
[Source "ChessBase"]
[SourceQuality "1"]
[TimeControl "40/5400+30:1800+30"]

1. e4 {[%emt 0:00:00]} c5 {[%emt 0:00:00]} 2. Nf3 {[%emt 0:00:00]} d6 {[%emt 0:00:00]} 3. d4 {[%emt 0:00:00]} Nf6 {[%emt 0:00:00]} 4. Nc3 {[%emt 0:00:00]} cxd4 {[%emt 0:00:00]} 5. Nxd4 {[%emt 0:00:04]} a6 {[%emt 0:00:00]} 6. Be3 {[%emt 0:00:21]} e5 {[%emt 0:00:00]} 7. Nb3 {[%emt 0:00:08]} Be6 {[%emt 0:00:28]} 8. f3 {[%emt 0:00:18]} Be7 {[%emt 0:00:12]} 9. g4 {[%emt 0:00:16]} O-O {[%emt 0:02:01]} 10. g5 {[%emt 0:00:14]} Nh5 {[%emt 0:01:25]} 11. Qd2 {[%emt 0:00:15]} Nd7 {[%emt 0:01:42]} 12. O-O-O {[%emt 0:00:49]} b5 {[%emt 0:00:46]} 13. Rg1 {[%emt 0:03:11]} Qc7 {[%emt 0:04:58]} 14. Qf2 {[%emt 0:04:46]} b4 {[%emt 0:06:49]} 15. Nd5 {[%emt 0:00:20]} Bxd5 {[%emt 0:00:05]} 16. exd5 {[%emt 0:00:12]} a5 {[%emt 0:10:43]} 17. Kb1 {[%emt 0:08:33]} Rfc8 {[%emt 0:16:02]} 18. Bh3 {[%emt 0:04:49]} a4 {[%emt 0:03:08]} 19. Nc1 {[%emt 0:00:31]} Rcb8 {[%emt 0:05:31]} 20. Qh4 {[%emt 0:06:01]} g6 {[%emt 0:02:12]} 21. Bxd7 {[%emt 0:00:29]} Qxd7 {[%emt 0:00:13]} 22. Rg4 {[%emt 0:08:16]} Qf5 {[%emt 0:09:10]} 23. Rxb4 {[%emt 0:01:58]} Qxf3 {[%emt 0:00:58]} 24. Rd3 {[%emt 0:04:45]} Rxb4 {[%emt 0:03:16]} 25. Qxb4 {[%emt 0:00:22]} Nf4 {[%emt 0:00:25]} 26. Bxf4 {[%emt 0:02:51]} Qxf4 {[%emt 0:01:02]} 27. Qxf4 {[%emt 0:00:22]} exf4 {[%emt 0:00:03]} 28. h4 {[%emt 0:01:50]} h6 {[%emt 0:00:49]} 29. gxh6 {[%emt 0:00:55]} Bxh4 {[%emt 0:00:11]} 30. c4 {[%emt 0:01:49]} Bf2 {[%emt 0:05:23]} 31. b4 {[%emt 0:02:19]} axb3 {[%emt 0:01:07]} 32. axb3 {[%emt 0:00:13]} g5 {[%emt 0:00:29]} 33. Ne2 {[%emt 0:03:15]} Bc5 {[%emt 0:05:52]} 34. Kc2 {[%emt 0:06:59]} Kh7 {[%emt 0:00:39]} 35. Rf3 {[%emt 0:04:32]} Kxh6 {[%emt 0:02:29]} 36. Nxf4 {[%emt 0:00:48]} gxf4 {[%emt 0:00:11]} 37. Rxf4 {[%emt 0:00:06]} Ra2+ {[%emt 0:01:25]} 38. Kd3 {[%emt 0:01:40]} Rf2 {[%emt 0:02:20]} 39. Rxf2 {[%emt 0:00:41]} Bxf2 {[%emt 0:00:02]} 40. b4 {[%emt 0:00:09]} f5 {[%emt 0:00:31]} 41. c5 {[%emt 0:30:08]} dxc5 {[%emt 0:31:11]} 42. b5 {[%emt 0:00:07]} Bg3 {[%emt 0:00:17]} 43. Kc4 {[%emt 0:00:47]} Bd6 {[%emt 0:00:10]} 44. b6 {[%emt 0:01:48]} Kg6 {[%emt 0:00:49] normal} 0-1

[Event "GER-ch Youth U18w 2019"]
[Site "Willingen"]
[Date "2019.06.14"]
[Round "8.6"]
[White "Koehler, Inken"]
[Black "Kobald, Jacqueline"]
[Result "1/2-1/2"]
[WhiteElo "1975"]
[BlackElo "1839"]
[Annotator "NA"]
[PlyCount "71"]
[EventDate "2019.06.07"]
[EventType "swiss"]
[EventRounds "9"]
[EventCountry "GER"]
[SourceTitle "playchess.com"]
[Source "ChessBase"]
[SourceQuality "1"]
[TimeControl "40/5400+30:1800+30"]

1. e4 {[%emt 0:00:00]} c5 {[%emt 0:00:00]} 2. d3 {[%emt 0:00:00]} Nc6 {[%emt 0:00:20]} 3. f4 {[%emt 0:00:00]} g6 {[%emt 0:02:57]} 4. Nf3 {[%emt 0:00:03]} Bg7 {[%emt 0:00:46]} 5. Be2 {[%emt 0:00:29]} d6 {[%emt 0:10:22]} 6. c3 {[%emt 0:01:09]} Nf6 {[%emt 0:01:05]} 7. O-O {[%emt 0:00:58]} O-O {[%emt 0:00:16]} 8. Kh1 {[%emt 0:05:51]} b5 {[%emt 0:02:04]} 9. a3 {[%emt 0:02:53]} a5 {[%emt 0:06:00]} 10. Nbd2 {[%emt 0:09:00]} Ng4 {[%emt 0:06:40]} 11. Nb1 {[%emt 0:01:14]} Bd7 {[%emt 0:04:13]} 12. d4 {[%emt 0:13:57]} cxd4 {[%emt 0:07:40]} 13. Bxb5 {[%emt 0:01:39]} Ne3 {[%emt 0:07:25]} 14. Bxe3 {[%emt 0:01:39]} dxe3 {[%emt 0:00:06]} 15. a4 {[%emt 0:01:08]} Na7 {[%emt 0:06:11]} 16. Bxd7 {[%emt 0:01:44]} Qxd7 {[%emt 0:02:10]} 17. Na3 {[%emt 0:02:13]} Qb7 {[%emt 0:03:19]} 18. Qc2 {[%emt 0:01:12]} Rab8 {[%emt 0:01:50]} 19. Rab1 {[%emt 0:08:30]} Rfc8 {[%emt 0:03:10]} 20. Qd3 {[%emt 0:01:35]} Qc6 {[%emt 0:00:44]} 21. Qxe3 {[%emt 0:02:46]} Rc7 {[%emt 0:03:21]} 22. Nc2 {[%emt 0:10:16]} Qxa4 {[%emt 0:01:23]} 23. Ncd4 {[%emt 0:00:48]} Qc4 {[%emt 0:05:19]} 24. e5 {[%emt 0:04:06]} Rxb2 {[%emt 0:10:23]} 25. exd6 {[%emt 0:04:38]} exd6 {[%emt 0:00:28]} 26. Rxb2 {[%emt 0:02:53]} Qxf1+ {[%emt 0:00:07]} 27. Ng1 {[%emt 0:00:06]} Bf8 {[%emt 0:03:43]} 28. Rb8 {[%emt 0:03:45]} Rc8 {[%emt 0:02:57]} 29. Nc6 Rxb8 {[%emt 0:01:11]} 30. Nxb8 {[%emt 0:05:08]} Nc8 {[%emt 0:02:29]} 31. Nd7 {[%emt 0:05:43]} Be7 32. Nb6 {[%emt 0:02:10]} Nxb6 {[%emt 0:02:44]} 33. Qxe7 {[%emt 0:00:42]} Qb5 {[%emt 0:01:29]} 34. Qxd6 {[%emt 0:00:58]} a4 {[%emt 0:00:15]} 35. f5 {[%emt 0:02:27]} gxf5 {[%emt 0:01:13]} 36. Qd8+ {[%emt 0:02:38] normal} 1/2-1/2

[Event "GER-ch Youth U18w 2019"]
[Site "Willingen"]
[Date "2019.06.14"]
[Round "8.7"]
[White "Browning, Rebecca"]
[Black "Mundt, Alexandra"]
[Result "0-1"]
[WhiteElo "1923"]
[BlackElo "1797"]
[Annotator "NA"]
[PlyCount "60"]
[EventDate "2019.06.07"]
[EventType "swiss"]
[EventRounds "9"]
[EventCountry "GER"]
[SourceTitle "playchess.com"]
[Source "ChessBase"]
[SourceQuality "1"]
[TimeControl "40/5400+30:1800+30"]

1. e4 {[%emt 0:00:00]} e5 {[%emt 0:00:00]} 2. Nf3 {[%emt 0:00:00]} Nf6 {[%emt 0:00:00]} 3. Nc3 {[%emt 0:00:00]} Bb4 {[%emt 0:00:00]} 4. Nxe5 {[%emt 0:00:15]} d6 {[%emt 0:00:14]} 5. Nf3 {[%emt 0:00:08]} Bxc3 {[%emt 0:00:11]} 6. dxc3 {[%emt 0:00:05]} Nxe4 {[%emt 0:00:09]} 7. Bd3 {[%emt 0:00:25]} Nf6 {[%emt 0:00:26]} 8. O-O {[%emt 0:00:15]} O-O {[%emt 0:00:11]} 9. h3 {[%emt 0:00:25]} Nc6 {[%emt 0:01:04]} 10. Re1 {[%emt 0:00:46]} Be6 {[%emt 0:01:07]} 11. Ng5 {[%emt 0:01:37]} Bd7 {[%emt 0:07:45]} 12. Nf3 {[%emt 0:05:26]} h6 {[%emt 0:03:13]} 13. b3 {[%emt 0:01:10]} Be6 {[%emt 0:01:48]} 14. a3 {[%emt 0:02:20]} Qd7 {[%emt 0:05:53]} 15. Bb2 {[%emt 0:00:27]} Rae8 {[%emt 0:07:29]} 16. c4 {[%emt 0:02:03]} Nh5 {[%emt 0:11:33]} 17. Ng5 {[%emt 0:07:23]} Nf4 {[%emt 0:03:50]} 18. Nxe6 {[%emt 0:03:09]} fxe6 {[%emt 0:01:23]} 19. Bf1 {[%emt 0:02:37]} e5 {[%emt 0:05:18]} 20. Qg4 {[%emt 0:03:53]} Qf7 {[%emt 0:06:49]} 21. f3 {[%emt 0:19:06]} Re6 {[%emt 0:07:27]} 22. c5 {[%emt 0:04:24]} Rg6 {[%emt 0:03:16]} 23. Qh4 {[%emt 0:01:01]} Kh8 {[%emt 0:09:53]} 24. Kh1 {[%emt 0:01:11]} Ne7 {[%emt 0:01:52]} 25. Rad1 {[%emt 0:02:03]} Nf5 {[%emt 0:02:08]} 26. Qf2 {[%emt 0:02:11]} Ng3+ {[%emt 0:01:16]} 27. Kh2 {[%emt 0:00:26]} Nxf1+ {[%emt 0:01:26]} 28. Rxf1 {[%emt 0:00:24]} Rxg2+ {[%emt 0:03:18]} 29. Qxg2 {[%emt 0:00:07]} Nxg2 {[%emt 0:00:04]} 30. Kxg2 {[%emt 0:00:04]} Qg6+ {[%emt 0:00:10] normal} 0-1

[Event "GER-ch Youth U18w 2019"]
[Site "Willingen"]
[Date "2019.06.14"]
[Round "8.8"]
[White "Schneider, Xenia"]
[Black "Fock, Sana"]
[Result "0-1"]
[WhiteElo "1364"]
[BlackElo "1796"]
[Annotator "NA"]
[PlyCount "51"]
[EventDate "2019.06.07"]
[EventType "swiss"]
[EventRounds "9"]
[EventCountry "GER"]
[SourceTitle "playchess.com"]
[Source "ChessBase"]
[SourceQuality "1"]
[TimeControl "40/5400+30:1800+30"]

1. e4 {[%emt 0:00:00]} c5 {[%emt 0:00:00]} 2. Nf3 {[%emt 0:00:00]} d6 {[%emt 0:00:00]} 3. d4 {[%emt 0:01:02]} cxd4 {[%emt 0:00:00]} 4. Nxd4 {[%emt 0:00:12]} Nf6 {[%emt 0:00:00]} 5. Bd3 {[%emt 0:02:49]} e5 {[%emt 0:01:55]} 6. Nf3 {[%emt 0:04:15]} Be7 {[%emt 0:01:37]} 7. Be3 {[%emt 0:01:07]} a6 {[%emt 0:01:43]} 8. h3 {[%emt 0:02:14]} Qc7 {[%emt 0:02:23]} 9. Nc3 {[%emt 0:05:05]} Be6 {[%emt 0:03:16]} 10. Bg5 {[%emt 0:15:25]} Nbd7 {[%emt 0:02:21]} 11. Qe2 {[%emt 0:01:49]} h6 {[%emt 0:05:02]} 12. Bh4 {[%emt 0:00:23]} Rc8 {[%emt 0:04:05]} 13. O-O {[%emt 0:05:41]} O-O {[%emt 0:04:30]} 14. Rfe1 {[%emt 0:05:20]} b5 {[%emt 0:04:45]} 15. Qd2 {[%emt 0:14:50]} Nb6 {[%emt 0:06:39]} 16. Rad1 {[%emt 0:03:47]} Rfd8 {[%emt 0:07:05]} 17. g4 {[%emt 0:10:29]} d5 {[%emt 0:12:10]} 18. exd5 {[%emt 0:11:02]} Nfxd5 {[%emt 0:02:51]} 19. Bxe7 {[%emt 0:01:14]} Nxe7 {[%emt 0:00:46]} 20. Nxe5 {[%emt 0:00:42]} Nc4 {[%emt 0:02:40]} 21. Qf4 {[%emt 0:00:51]} Nxb2 {[%emt 0:04:03]} 22. Rb1 Qxc3 {[%emt 0:01:24]} 23. Nxf7 {[%emt 0:01:35]} Nxd3 {[%emt 0:02:04]} 24. cxd3 {[%emt 0:02:34]} Ng6 {[%emt 0:06:25]} 25. Nxh6+ {[%emt 0:01:14]} gxh6 {[%emt 0:03:42]} 26. Qxh6 {[%emt 0:00:19] normal} 0-1